01091nam a22001457a 4500003000400000020001800004082001500022100001900037245003600056250000800092260002600100300000800126650003300134653077800167SGT a9788120350663 a530.41,SRI aSRIVASTAVA,J.P aELEMENTS OF SOLID STATE PHYSICS a4TH aNEW DELHIbPHI c2016 a666 aPHYSICS, SOLID STATE PHYSICS a1. The Crystalline State 2. Atomic Cohesion and Crystal Binding 3. Reciprocal Lattice and Determination of Crystal Structure 4. Lattice Vibrations 5. Thermal Properties of Solids 6. Free Electron Theory of Metals 7. Electron Energy Bands 8. Mobile Electrons and Fermi Surfaces 9. Semiconductors 10. Theory of Dielectrics: Applications to Plasmons, Polaritons and Polarons 11. Ferroelectric Crystals 12. Imperfections in Crystals 13. Diamagnetism and Paramagnetism 14. Ferromagnetism, Antiferromagnetism and Ferrimagnetism 15. Superconductivity 16. Nanomaterials Appendix A: van der Waals Interaction Appendix B: Photoconductivity Appendix C: Luminescence Appendix D: Mössbauer Effect Appendix E: A Lesson on Group Theory